Benfica Current Squad - Statistics

General Stats
  • This quiz has been taken 548 times
    298 since last reset
  • The average score is 13 of 26
Answer Stats
# Player % Correct
66 António Silva
86%
27 Rafa Silva
84%
30 Nicolás Otamendi
81%
20 João Mário
74%
87 João Neves
72%
99 Odysseas Vlachodimos
71%
88 Gonçalo Ramos
70%
5 Alexander Bah
65%
7 David Neres
64%
61 Florentino
64%
8 Fredrik Aursnes
58%
Head Coach Roger Schmidt
57%
91 Morato
52%
2 Gilberto
48%
24 Samuel Soares
48%
33 Petar Musa
46%
22 Chiquinho
39%
39 Henrique Araújo
35%
4 Lucas Veríssimo
32%
21 Andreas Schjelderup
27%
38 João Victor
27%
75 André Gomes
26%
23 Mihailo Ristić
23%
14 Haris Seferović
18%
55 Paulo Bernardo
16%
11 Soualiho Meïté
11%
No matching quizzes found
Score Distribution
Percent of People with Each Score
Percentile by Number Answered
Your Score History
You have not taken this quiz since the last reset